000 00878nam a2200229Ii 4500
003 JO-AjNU
008 230605s9999||||xx |||||||||||||| ||und||
017 _a80/2716
020 _a977-7292-77-5
040 _aJO-AjNU
_bara
_erda
_cJO-AjNU
041 _aara
050 1 4 _aBP173.7.M83 1980
100 3 _aعفيفي، محمد الصادق,
_eauthor
_914263
245 0 0 _aالمجتمع الإسلامي والعلاقات الدولية
264 3 1 _aالقاهرة: مؤسسة الخانجي، 1980
300 _a351ص
_bيتضمن ببلوغرافيا ص319-351
336 _atext
_btxt
_2rdacontent
337 _aunmediated
_bn
_2rdamedia
338 _avolume
_bnc
_2rdacarrier
490 0 _aموسوعة الحضارة والنظم الاسلامية
650 4 _aالاسلام والعلاقات الخارجية- النظام السياسي في الاسلام
_914264
999 _aA3762
_c7330
_d7330